Ekonomický styl myšlení

Salvato in:
Dettagli Bibliografici
Autore principale: Heyne, Paul
Altri autori: Schwarze, Jiřího (Traduttore)
Natura: Libro
Lingua:ceco
Pubblicazione: Praha Vysoká škola ekonomická 1991
Edizione:1. vyd.
Accesso online:Visualizza in OPAC
Tags: Aggiungi Tag
Nessun Tag, puoi essere il primo ad aggiungerne!!

MARC

LEADER 00000nam a2200000 a 4500
005 20260127134105.0
008 131003s1991 CS 0 cze c
020 |a 8070797819 
035 |a vtls001128278 
035 |a SNK000071128 
039 9 |a 201310031121  |b VLOAD  |c 201306201724  |d VLOAD  |c 201209051619  |d mkuuk07  |c 200809180850  |d mschk03  |y 200511101458  |z msnk01 
040 |a SNK  |b slo  |c SNK  |d STUSCHK1  |e AACR2 
041 0 |a cze 
044 |a [CS] 
080 |a 33(075.8)  |2 1981 
100 1 |a Heyne, Paul 
245 1 0 |a Ekonomický styl myšlení  |c Paul Heyne ; přel. kol. překl. pod ved. Jiřího Schwarze 
250 |a 1. vyd. 
260 |a Praha  |b Vysoká škola ekonomická  |c 1991 
300 |a 509, [1] s.  |c 28 cm 
700 1 |a Schwarze, Jiřího  |4 trl 
910 |a SCHK95 
910 |a kuruk 
919 |a 80-7079-781-9 
954 |a myslenie ekonomické  |a ekonómia  |x učebnice vysokoškolské  |x príručky 
968 |d Z angl. orig.  |e ... 
999 |c 3830  |d 3830